Estadísticas para Entrenadores de equipos de europeos 2023/24

Haz click aquí para intentar la prueba.

Estadísticas generales

  • Esta prueba ha sido intentada 96 veces
    (14 desde el último reinicio)
  • La puntuación promedio es 23 de 38

Estadísticas de respuestas

EquipoEntrenador% Correcto
Real MadridCarlo Ancelotti
100%
FC BarcelonaXavi Hernandez
100%
Manchester UnitedErik ten Hag
93%
Liverpool FCJürgen Klopp
93%
Paris Saint-GermainLuis Enrique
93%
Real BetisManuel Pellegrini
93%
Chelsea FCMauricio Pochettino
93%
Arsenal FCMikel Arteta
93%
Machester CityPep Guardiola
93%
Aston VillaUnai Emery
93%
Atlético de MadridCholo Simeone
86%
Athletic ClubErnesto Valverde
86%
Real SociedadImanol Alguacil
86%
Villareal CFMarcelino García Toral
86%
Sevilla FCQuique Sánchez Flores
86%
Brighton & Hove AlbionRoberto De Zerbi
86%
Valencia CFRubén Baraja
86%
Inter de MilánSimone Inzaghi
86%
Bayern MúnichThomas Tuchel
86%
Bayer LeverkusenXabi Alonso
86%
AS RomaDaniele De Rossi
79%
Juventus FCMassimiliano Allegri
71%
Tottenham HotspurAnge Postecoglou
57%
AC MilanStefano Pioli
50%
Atalanta BCGian Piero Gasperini
43%
Borussia DormundEdin Terzic
36%
Olympique de MarsellaGennaro Gattuso
36%
SS LazioMaurizio Sarri
36%
RB LeipzigMarco Rose
29%
ACF FiorentinaVincenzo Italiano
21%
SSC NapoliWalter Mazzarri
14%
AS Monaco FCAdolf Hütter
0%
SC FreiburgChristian Streich
0%
Eintracht FrankfurtDino Toppmöller
0%
RC LensFranck Haise
0%
Stade RennesJulien Stéphan
0%
Union BerlinNenad Bjelica
0%
Lille OSCPaulo Fonseca
0%

Distribución de puntuación

Porcentaje por número respondido

Porcentaje de gente con cada puntuación

Historial de tus puntuaciones

No has intentado esta prueba desde el último reinicio